| 000 | 00821nam a2200289Ia 4500 | ||
|---|---|---|---|
| 003 | OSt | ||
| 005 | 20220912150231.0 | ||
| 006 | a|||||r|||| 00| 0 | ||
| 007 | ta | ||
| 008 | 220909b |||||||| |||| 00| 0 eng d | ||
| 020 | _a8178080583 (pbk) | ||
| 024 | _a7369 | ||
| 037 | _bMallika, | ||
| 037 | _cTextual | ||
| 040 |
_aCSL _beng _cCSL |
||
| 041 | _aeng | ||
| 082 | _aD65,8(B):71-9, P0 | ||
| 100 | _aCrouch Matt J | ||
| 245 | 0 | _aWeb programming with ASP and COM | |
| 260 |
_aMassachusetts _bAddison-Wesley _c2000 |
||
| 300 |
_axx, 393p. _ccm. Includes with CD-ROM |
||
| 500 |
_aAppndix A-D, 339-380p; Index 381-393p. _ccm. |
||
| 650 | _a Web programming | ||
| 650 | _aComputer Science | ||
| 942 |
_hD65,8(B):71-9, P0 _cTEXL _2CC |
||
| 999 |
_c42605 _d42605 |
||